Регионална библиотека "Любен Каравелов" - Русе

Научно-езотеричните основи на мирозданието (Запис номер 436297)

MARC детайли
000 -Лидер
Контролно поле с фиксирана дължина 01750nam a2200373 a 4500
003 - Код на организацията, давaща контролен номер
Контролно поле BLK
005 - Дата и час на последна редакция
Контролно поле 20250311160211.0
008 - Елементи от данни с фиксирана дължина
fixed length control field 211110b bul|||||r ||||||| ||bul||
020 ## - Международен стандартен номер на книга ISBN
Международен стандартен номер на книга ISBN 9789549913491
040 ## - Източник на каталожния запис
Идентификатор на билиотеката - собственик на записа BLK
041 ## - Код за език
Код за езика на текст/звукозапис или на отделно заглавие Български
Код за езика КДБФ Български
080 ## - УДК
УДК код - определител по УДК 133
УДК - код + определител 133
080 ## - УДК
УДК код - определител по УДК 141.33
УДК - код + определител 141.33
080 ## - УДК
УДК код - определител по УДК 159.961
УДК - код + определител 159.961
100 1# - Редна дума - Автор
Автор Тихоплав, Виталий Юриевич
Авторска отговорност първи автор
R(LIN) 374820
139 ## - Редно поле
Редна дума Тихоплав, Виталий Юриевич и др.
Авторски знак Тих - Т 60
245 10 - Сведения за заглавието
Заглавие Научно-езотеричните основи на мирозданието
Редно поле (дума) Виталий Тихоплав, Татяна Тихоплав ; прев. Георги Рачев
257 ## - Страна на издаване
Страна на създаване/издаване Русия
260 ## - Област на издателските данни
Място на издаване, разпространение и проч. София
Име на издателя, разпространителя и проч. НСМ - Медиа
Година на издаване 2015
Печатница София : Експреспринт
300 ## - Физическа характеристика
Страници 382 с.
Размери/Мащаб 21 см
380 ## - Жанр
Жанр Философия
490 ## - СЕРИИ (Колекции)
Име на серия Авангардни идеи за човека и Вселената : Формулата на Бога и спиралата на знанието
9 (RLIN) 207862
490 ## - СЕРИИ (Колекции)
Име на серия На прага на финия свят
9 (RLIN) 203121
500 ## - Общи забележки
Забележка Ориг. загл. Научно-эзотерические основы мироздания : Жить, чтобы знать / В. Ю. Тихоплав, Т. С. Тихоплав
650 #0 - Допълнително описание по предмет – тема
Основно описание – тема или топоним Езотерика
9 (RLIN) 436404
650 #4 - Допълнително описание по предмет – тема
Основно описание – тема или топоним Парапсихология
9 (RLIN) 165687
653 ## - Ключова дума – ненормативна
Ключова дума парапсихология
653 #7 - Ключова дума – ненормативна
Ключова дума мистика
9 (RLIN) 191132
700 1# - Други автори (авторска отговорност)
Лично име Тихоплав, Татяна Серафимовна
Автороска отговорност (Описва отношението между автора и произведението) съавт.
9 (RLIN) 374819
700 1# - Други автори (авторска отговорност)
Лично име Рачев, Георги Иванов
9 (RLIN) 371778
852 ## - Местоположение
Фондова буква Заемна - подръчен фонд
Систематично-азбучна сигнатура 13/Т 60 В
999 ## - СИСТЕМНИ КОНТРОЛНИ НОМЕРА
Koha biblionumber 436297
Koha biblioitemnumber 436297
942 ## - АРТИКУЛИ
Вид на библиотечния материал Книги
Скрит в OPAC Не
Периодичен библиозапис Да
Koha issues (borrowed), all copies 6
944 ## - СЪЗДАВАНЕ И РЕДАКЦИЯ на ЗАПИСА
Създаване/Редакция Създаване
Дата на регистрацията/редакция 2021-11-10
Служител, извършил регистрацията/редакцията 30576
Статус, дата на статуса Цветомила Тодорова
Наличности
Код за отписване Код за изгубен артикул Източник на класификационната схема Код за повреда Коз за рестрикции Код за отдаване Артикулен № Име на библиотеката - собственик Име на библиотеката, в която се намира в момента Статус (Текущо местоположение) Дата на вписване в системата Местоположение - отдел Цена в лева Систематично азбучна сигнатура Баркод Цена в евро Служебен тип на артикула
  Не е изгубен Universal Decimal Classification Не е повреден без рестрикции заемане за дома 861101 Регионална библиотека "Любен Каравелов" Русе Регионална библиотека "Любен Каравелов" Русе Заемна - подръчен фонд 2021-11-10 Заемна - подръчен фонд 13.30 13/Т 60 В 120000862314 6.80 Книги
Vip Innovations Ltd, Rousse, Bulgaria 2025